GOLD FEVER! (Record no. 8791)
[ view plain ]
| 000 -LEADER | |
|---|---|
| fixed length control field | 00236nam a22001097a 4500 |
| 082 ## - DEWEY DECIMAL CLASSIFICATION NUMBER | |
| Classification number | 823 |
| Item number | MCM/G |
| 100 ## - MAIN ENTRY--AUTHOR NAME | |
| Personal name | MCMORROW, CATHERINE |
| 245 ## - TITLE STATEMENT | |
| Title | GOLD FEVER! |
| 246 ## - VARYING FORM OF TITLE | |
| Title proper/short title | GOLD FEVER! |
| Remainder of title | GOLD FEVER! |
| 650 ## - SUBJECT ADDED ENTRY--TOPICAL TERM | |
| Topical Term | ENGLISH FICTION |
| 942 ## - ADDED ENTRY ELEMENTS (KOHA) | |
| Koha item type | Books |
| Withdrawn status | Lost status | Collection code | Home library | Current library | Date acquired | Source of acquisition | Cost, normal purchase price | Full call number | Accession Number | Koha item type |
|---|---|---|---|---|---|---|---|---|---|---|
| Lost | Fiction | Main Library | Main Library | 11/03/2002 | PURCHASED | 148.00 | 823 MCM/G | 00579 | Books |